00000000nam##2200000za#4500
0019.544877
003CaOODSP
00520210615091019
007ta
008150406|2007||||xxc|||||     f|0| 0 fre|d
020 |a978-0-660-63458-6
040 |aCaOODSP|bfre
041 |aeng
041 |afre
043 |an-cn---
0861 |aBT31-4/43-2007
1101 |aCanada. |bConseil du trésor.
24510|aRessources humaines et Développement social Canada
260 |bSecrétariat du Conseil du Trésor du Canada |c2007.
300 |aTexte français, 231p. : |borganigrammes, tableaux ; |c28 cm.
4901 |aRapport sur le rendement pour la période se terminant le 31 mars 2007
5203 |aLes rapports ministériels sur le rendement font partie du Budget des dépenses préparé par le gouvernement du Canada chaque année à l’appui des autorisations de dépenser demandées au Parlement pour l’affectation des fonds publics. Chaque rapport met l’accent sur la reddition de comptes, comparant les réalisations avec les attentes et les engagements établis plus tôt dans le Rapport sur les plans et priorités du ministère. Les rapports ministériels sur le rendement tiennent compte de l’accent sur le citoyen des programmes du gouvernement, établissant le contexte stratégique, les risques et les défis liés au respect des engagements, et les liens entre les ressources que le ministère utilise et les avantages qu’elles ont apportés aux Canadiens et à la société canadienne.
563 |aCouverture souple
590 |a07-45|b2007-11-09
69107|aDéveloppement social|2gcpds
69107|aRessources humaines|2gcpds
7760#|tHuman Resources and Social Development Canada - 2006-2007 estimates, a departmental performance report |w(CaOODSP)9.573123
7760#|tRessources humaines et Développement social Canada - budget des dépenses 2006–2007, rapport ministériel sur le rendement |w(CaOODSP)9.603345
791 |tHuman Resources and Social Development Canada |eeng|w(CaOODSP)9.544876
830#0|aRapport sur le rendement pour la période se terminant le 31 mars 2007.|w(CaOODSP)9.511349